000 00337 a2200169 4500
001 189106
020 _a85-16-05096-3
040 _cMagnum
100 _aCaruso, Carla
240 1 0 _aBurle Marx
_lpor
245 1 0 _aBurle Marx
300 _a32
362 0 _a2006
440 1 _aModerna
697 _aPINTORES E PINTURAS
942 _cBK
999 _c189106
_d189106